Encomio de los ingenios sevillanos en la fiesta de los Santos Inacio de Loyola i Francisco Xavier... / (Record no. 102686)

MARC details
000 -LEADER
campo de control de longitud fija 00609nam a2200169 i 4500
001 - NÚMERO DE CONTROL
campo de control 102686
003 - IDENTIFICADOR DE NÚMERO DE CONTROL
campo de control ES-MaACL
005 - FECHA Y HORA DE LA ÚLTIMA TRANSACCIÓN
campo de control 20230906183146.0
007 - CAMPO FIJO DE DESCRIPCIÓN FÍSICA--INFORMACIÓN GENERAL
campo de control de longitud fija t|
008 - DATOS DE LONGITUD FIJA--INFORMACIÓN GENERAL
campo de control de longitud fija 051125s1950 sp ||||1| spa d
245 00 - MENCIÓN DEL TÍTULO
Título Encomio de los ingenios sevillanos en la fiesta de los Santos Inacio de Loyola i Francisco Xavier... /
Mención de responsabilidad, etc. por Iuan Antonio de Ibarra...
260 ## - PUBLICACIÓN, DISTRIBUCIÓN, ETC.
Lugar de publicación, distribución, etc. Valencia :
Nombre del editor, distribuidor, etc. [s.n.,
Fecha de publicación, distribución, etc. 1950]
300 ## - DESCRIPCIÓN FÍSICA
Extensión 5 h., 83 fol. ;
Dimensiones 25 cm.
534 ## - NOTA SOBRE LA VERSIÓN ORIGINAL
Frase introductoria Reproducción facsímil de la ed. de:
Publicación, distribución, etc. del original -- Sevilla : por Francisco de Lyra, 1623.
700 1# - ENTRADA AGREGADA--NOMBRE PERSONAL
Nombre de persona Ibarra, Juan Antonio de.
9 (RLIN) 64957
852 ## - LOCALIZACIÓN
Ubicación ES-MaACL
Número de control de estantería D-6786
Holdings
Estatus retirado Estado de pérdida Estado de daño No para préstamo Biblioteca de origen Biblioteca actual Ubicación en estantería Fecha de adquisición Fuente de adquisición Total de préstamos Signatura topográfica completa Código de barras Visto por última vez Precio de reemplazo Tipo de ítem Koha
        Biblioteca del Ateneo de Madrid Biblioteca del Ateneo de Madrid Sala Valle Inclán 17/01/2008     D-6786 901107193 23/02/2023 23/02/2023 Libro impreso